000 00565nam a22001697a 4500
999 _c60535
_d60535
005 20230815111147.0
008 230815s1958 enk||||| |||| 00| 0 eng d
041 _aeng
080 _a902/904 W-83
100 _a Woolley, Leonard
_919676
245 _aHistory Unearthed:
_bA Survey of Eighteen Archaeological Sites Throughout the World /
_cLeonard Woolley.
264 _aLondon,
_c1958.
300 _a183 p. :
_bill.;
_c27 cm.
653 _aისტორია
653 _aარქეოლოგიური გამოკვლევა
942 _2udc
_cBK